| Tag |
First Indicator |
Second Indicator |
Subfields |
| LEADER |
00000cam a2200000 4500 |
| 001 |
in00000302813 |
| 005 |
20151010095822.0 |
| 008 |
720906s1956 enka 00000 eng d |
| 010 |
|
|
|a 56014373
|
| 035 |
|
|
|a (OCoLC)00399988
|
| 035 |
|
|
|9 ABH0892AM
|
| 040 |
|
|
|c WSU
|d TXA
|d UtOrBLW
|
| 049 |
|
|
|a TXAM
|c [275759]
|
| 090 |
|
|
|a DA501.M7
|b H3
|
| 100 |
1 |
|
|a Halsband, Robert,
|d 1914-1989.
|
| 245 |
1 |
4 |
|a The life of Lady Mary Wortley Montagu.
|
| 264 |
|
1 |
|a Oxford :
|b Clarendon Press,
|c 1956.
|
| 300 |
|
|
|a 313 pages :
|b illustrations ;
|c 23 cm.
|
| 336 |
|
|
|a text
|b txt
|2 rdacontent
|
| 337 |
|
|
|a unmediated
|b n
|2 rdamedia
|
| 338 |
|
|
|a volume
|b nc
|2 rdacarrier
|
| 600 |
1 |
0 |
|a Montagu, Mary Wortley,
|c Lady,
|d 1689-1762.
|
| 999 |
|
|
|a MARS
|
| 999 |
f |
f |
|s 1cbbe057-a4ca-3e7e-a510-7416f2d47792
|i 6569ecf7-3e94-3313-84f3-7678ccae0b4a
|t 0
|
| 952 |
f |
f |
|p ric
|a Texas A&M University
|b Rellis Campus
|c Joint Library Facility
|d Remote Storage
|t 0
|e DA501.M7 H3
|h Library of Congress classification
|i unmediated -- volume
|m A14801927668
|
| 998 |
f |
f |
|a DA501.M7 H3
|t 0
|l Remote Storage
|